000 00969nam a22003017a 4500
001 8028
003 FISKH
005 20250819104952.0
008 250819b cb ||||| |||| 00| 0 eng d
020 _a9780060526337
040 _aFISKH
_beng
_cFISKH
_dFISKH
050 _aPZ7.M47872 R
082 _a813.54
100 _aMcLerran, Alice
_d(1933-)
245 _aRoxaboxen /
_cAlice Mclerran ; Illustrated by Barbara Cooney
250 _aThis edition first published in 1991
260 _aNew York :
_bHarperCollins,
_c1991
300 _a26 unnumbered pages :
_bcolor illustrations ;
_c21 x 25 cm
505 _aR
520 _aA hill covered with rocks and wooden boxes becomes an imaginary town for Marian, her sisters, and their friends.
521 8 _a710
_bLexile
521 8 _aR
_bRaz-Plus
650 _2Picture book
_aImagination
650 _2Arizona
_aFriends
700 _aCooney, Barbara
_dillustrator
942 _2ddc
_cBK
_n0
999 _c8028
_d8028